UM Logo
Normal view MARC view
  • Airplane industry.

Entry Topical Term

Number of records used in: 1

001 - CONTROL NUMBER

  • control field: 40174

003 - CONTROL NUMBER IDENTIFIER

  • control field: OSt

005 - DATE AND TIME OF LATEST TRANSACTION

  • control field: 20191005091541.0

008 - FIXED-LENGTH DATA ELEMENTS

  • fixed length control field: 191005|| aca||aabn | a|a d

040 ## - CATALOGING SOURCE

  • Original cataloging agency: OSt
  • Transcribing agency: OSt

150 ## - HEADING--TOPICAL TERM

  • Topical term or geographic name entry element: Airplane industry.

670 ## - SOURCE DATA FOUND

  • Source citation: Work cat.: (OSt)14283: 39479 Walt, Vivienne., Airplane black boxes are badly out of date/, c2016.